Southville International School and Colleges
Your cart is empty.
  • Cart
  • Lists
    Public lists Eva Luna New books Lux_list list_1
    Your lists Log in to create your own lists
  • Log in to your account
  • Your cookies
  • Search history
Southville International School and Colleges
  • Advanced search
  • Recent comments
  • Most popular
  • Libraries

Log in to your account

Log in with GOOGLE


If you do not have an external account, but do have a local account, you can still log in:

  1. Home
  2. MARC view: Hog-eye /
Normal view MARC view ISBD view

Hog-eye / (Record no. 111461)

[ view plain ]
MARC details
000 -LEADER
fixed length control field 00592nam a2200205 a 4500
001 - CONTROL NUMBER
control field 2403
005 - DATE AND TIME OF LATEST TRANSACTION
control field 20140414131916.0
008 - FIXED-LENGTH DATA ELEMENTS--GENERAL INFORMATION
fixed length control field 050601s19uu xx 00 eng d
020 ## - INTERNATIONAL STANDARD BOOK NUMBER
International Standard Book Number 0-395-93746-9
050 ## - LIBRARY OF CONGRESS CALL NUMBER
Classification number ER
Item number H65 1995
100 ## - MAIN ENTRY--PERSONAL NAME
Personal name Meddaugh, Susan
245 ## - TITLE STATEMENT
Title Hog-eye /
Statement of responsibility, etc Susan Meddaugh.
260 ## - PUBLICATION, DISTRIBUTION, ETC. (IMPRINT)
Place of publication, distribution, etc Boston :
Name of publisher, distributor, etc Houghton Mifflin,
Date of publication, distribution, etc 1995.
300 ## - PHYSICAL DESCRIPTION
Extent 32 p. : ill. ; cm.
520 ## - SUMMARY, ETC.
Summary, etc A young pig uses her ability to read to outwit a wolf that intends to eat her.
650 ## - SUBJECT ADDED ENTRY--TOPICAL TERM
Topical term or geographic name as entry element Pigs
General subdivision Fiction.
650 ## - SUBJECT ADDED ENTRY--TOPICAL TERM
Topical term or geographic name as entry element Wolves
General subdivision Fiction.
650 ## - SUBJECT ADDED ENTRY--TOPICAL TERM
Topical term or geographic name as entry element Reading
General subdivision Fiction.
Holdings
Withdrawn status Lost status Damaged status Use restrictions Home library Current library Shelving location Date acquired Source of acquisition Total Checkouts Full call number Barcode Date last seen Price effective from Koha item type
        Munich Library Munich Library Easy Reading Section 06/01/2005     ER H65 1995 M2194 04/14/2014 04/14/2014 Books

Hog-eye /

APA

Meddaugh S., . (1995). Hog-eye. Boston: Houghton Mifflin.

Chicago

Meddaugh Susan, . 1995. Hog-eye. Boston: Houghton Mifflin.

Harvard

Meddaugh S., . (1995). Hog-eye. Boston: Houghton Mifflin.

MLA

Meddaugh Susan, . Hog-eye. Boston: Houghton Mifflin. 1995.

  • Place hold
  • Print
  • Cite
  • Add to your cart (remove)
  • Save record
    BIBTEX Dublin Core MARCXML MARC (non-Unicode/MARC-8) MARC (Unicode/UTF-8) MARC (Unicode/UTF-8, Standard) MODS (XML) RIS
  • More searches
    Search for this title in:
    Other Libraries (WorldCat) Other Databases (Google Scholar) Online Stores (Bookfinder.com) Open Library (openlibrary.org)

Exporting to Dublin Core...

SOUTHVILLE LIBRARY

Southville International School and Colleges Library

1281 Tropical Ave. Cor. Luxembourg St., BF Homes International, Las Pinas City

Tel. No. 8256374 / 252358 Loc. 117/146

Powered by Koha